000 00296nam a2200133 i 4500
001 bg
100 1 _aNIEĆ, Marek
245 0 _aGeologia kopalniana /
_cMarek Nieć.
260 _aWarszawa,
_c1982.
040 _cBPK
041 _apol
942 _cKS
008 s pl f |000 0 pol
999 _c20757
_d20757
856 _uhttp://koha.tu.koszalin.pl/cgi-bin/koha/opac-detail.pl?biblionumber=20757
_yKatalog online BPK